Normal view MARC view

Entry Geographic Name

Number of records used in: 1

001 - CONTROL NUMBER

  • control field: 5007

003 - CONTROL NUMBER IDENTIFIER

  • control field: OSt

005 - DATE AND TIME OF LATEST TRANSACTION

  • control field: 20150527162451.0

008 - FIXED-LENGTH DATA ELEMENTS

  • fixed length control field: 150527|| aca||aabn | a|a d

040 ## - CATALOGING SOURCE

  • Original cataloging agency: OSt
  • Transcribing agency: OSt

151 ## - HEADING--GEOGRAPHIC NAME

  • Geographic name: Uganda
  • General subdivision: History
  • Chronological subdivision: 1890-1962.

670 ## - SOURCE DATA FOUND

  • Source citation: Work cat.: (OSt)1904: Twaddle, Michael. 5004, Kakungulu & the creation of Uganda, 1868-1928 /, 1993.